00446nam a2200169Ia 4500003000400000005001700004008004000021020001800061040000700079041000800086082001500094100001800109245008500127260003900212300001500251440001000266OSt20250717111945.0210210b2012 xxu||||| |||| 00| 0 eng d a9788190784337 cAL aeng a001.4 KUME aAnil Kumar Ed aEncyclopaedia of research methodologyb: Statistical research methodology Vol II aNew DelhibAlfa publication.c2012 aviii,280p. aVol 2